000 00308nam a2200133Ia 4500
005 20251222155159.0
008 251222s9999||||xx |||||||||||||| ||spa||
082 _aMAN.154.1-2
100 _aUNIV. TRUJILLO.
245 0 _aRevista ciencia y tecnologĂ­a
250 _a1ra. ed.
264 _bUNT
942 _cLIB
999 _c39864
_d39864